Auch Exklusiv-Produkte brauchen Werbung in Massen-Medien. Schadet das wirklich ihrem Image?

Rast významu trhov s exkluzívnym tovarom vo vyšších cenových polohách ako dôsledok stále sa rozširujúcej skupiny záujemcov o tento druh tovaru. Prechod z reklamy týchto výrobkov prevážne v časopisoch s vyššou úrovňou na reklamu v masovokomunikačných prostriedkoch. Zbytočné obavy zo straty doterajšíc...

Descrizione completa

Salvato in:
Dettagli Bibliografici
Autore principale: Unger, F.
Natura: Capitolo di libro
Lingua:tedesco
Soggetti:
Tags: Aggiungi Tag
Nessun Tag, puoi essere il primo ad aggiungerne!!

MARC

LEADER 00000naa a2200000 4500
001 r004341
005 20221208122823.8
041 0 |a ger 
044 |a DE 
245 1 0 |a Auch Exklusiv-Produkte brauchen Werbung in Massen-Medien.  |b Schadet das wirklich ihrem Image?  |c F. Unger 
520 |a Rast významu trhov s exkluzívnym tovarom vo vyšších cenových polohách ako dôsledok stále sa rozširujúcej skupiny záujemcov o tento druh tovaru. Prechod z reklamy týchto výrobkov prevážne v časopisoch s vyššou úrovňou na reklamu v masovokomunikačných prostriedkoch. Zbytočné obavy zo straty doterajších zákazníkov z kruhov s vyššími príjmami. 
610 2 0 |a reklama 
610 2 0 |a imidž 
610 2 0 |a tovar luxusný 
100 1 |a Unger, F.